יישובי חוף הכרמל - Statistics

General Stats
  • This quiz has been taken 6 times
  • The average score is 6 of 25
Answer Stats
שם היישוב % Correct
עתלית
67%
ניר עציון
50%
בית אורן
33%
דור
33%
כרם מהר"ל
33%
מגדים
33%
מעגן מיכאל
33%
עין אילה
33%
עין הוד
33%
קיסריה
33%
בית חנניה
17%
בת שלמה
17%
גבע כרמל
17%
הבונים
17%
החותרים
17%
כפר גלים
17%
מאיר שפיה
17%
מעין צבי
17%
נווה ים
17%
נחשולים
17%
עופר
17%
עין חוד
17%
עין כרמל
17%
צרופה
17%
שדות ים
17%
No matching quizzes found
Score Distribution
Percent of People with Each Score
Percentile by Number Answered
Your Score History
You have not taken this quiz